<?xml version="1.0" encoding="UTF-8"?>
<record
    xmlns:xsi="http://www.w3.org/2001/XMLSchema-instance"
    xsi:schemaLocation="http://www.loc.gov/MARC21/slim http://www.loc.gov/standards/marcxml/schema/MARC21slim.xsd"
    xmlns="http://www.loc.gov/MARC21/slim">

  <leader>     aam a22        4500</leader>
  <datafield tag="999" ind1=" " ind2=" ">
    <subfield code="c">52478</subfield>
    <subfield code="d">52478</subfield>
  </datafield>
  <controlfield tag="005">20180808140854.0</controlfield>
  <controlfield tag="008">080818  1945   mx                  spaa</controlfield>
  <datafield tag="050" ind1="0" ind2="4">
    <subfield code="a">DS735</subfield>
    <subfield code="b">L38 1945</subfield>
  </datafield>
  <datafield tag="100" ind1="1" ind2=" ">
    <subfield code="a">Lattimore, Owen</subfield>
    <subfield code="d">[1900-1989]</subfield>
  </datafield>
  <datafield tag="245" ind1="1" ind2="0">
    <subfield code="a">China :</subfield>
    <subfield code="b">(resumen hist&#xF3;rico) /</subfield>
    <subfield code="c">Owen y Eleanor Lattimore.</subfield>
  </datafield>
  <datafield tag="250" ind1=" " ind2=" ">
    <subfield code="a">1a ed.</subfield>
  </datafield>
  <datafield tag="260" ind1=" " ind2=" ">
    <subfield code="a">M&#xE9;xico :|</subfield>
    <subfield code="b">Minerva,</subfield>
    <subfield code="c">1945</subfield>
  </datafield>
  <datafield tag="300" ind1=" " ind2=" ">
    <subfield code="a">209 p. ;</subfield>
    <subfield code="c">21 cm</subfield>
  </datafield>
  <datafield tag="490" ind1=" " ind2=" ">
    <subfield code="a">El mundo al d&#xED;a</subfield>
  </datafield>
  <datafield tag="500" ind1=" " ind2=" ">
    <subfield code="a">Nota : T&#xED;tulo del original ingl&#xE9;s: The making of modern China A short history.</subfield>
  </datafield>
  <datafield tag="504" ind1=" " ind2=" ">
    <subfield code="a">Incluye &#xED;ndice</subfield>
  </datafield>
  <datafield tag="651" ind1=" " ind2="7">
    <subfield code="2">LEMB</subfield>
    <subfield code="a">China</subfield>
    <subfield code="x">Historia</subfield>
    <subfield code="y">Rep&#xFA;blica 1912-1949</subfield>
  </datafield>
  <datafield tag="700" ind1="1" ind2=" ">
    <subfield code="a">Prats Madrid, Felix</subfield>
    <subfield code="e">tr.</subfield>
  </datafield>
  <datafield tag="942" ind1=" " ind2=" ">
    <subfield code="2">lcc</subfield>
    <subfield code="c">LIB</subfield>
  </datafield>
  <datafield tag="952" ind1=" " ind2=" ">
    <subfield code="1">0</subfield>
    <subfield code="2">lcc</subfield>
    <subfield code="4">0</subfield>
    <subfield code="7">0</subfield>
    <subfield code="a">INV-033</subfield>
    <subfield code="b">INV-033</subfield>
    <subfield code="c">FBCEM</subfield>
    <subfield code="d">2018-08-08</subfield>
    <subfield code="e">DON</subfield>
    <subfield code="f">1a ed.</subfield>
    <subfield code="i">H</subfield>
    <subfield code="k">CSA</subfield>
    <subfield code="o">DS753 L38 1945</subfield>
    <subfield code="p">IIH000023034</subfield>
    <subfield code="r">2018-08-08 00:00:00</subfield>
    <subfield code="t">C: 1</subfield>
    <subfield code="y">LIB</subfield>
  </datafield>
</record>
